MARC

LEADER 00000nam0a2200000 4500
001 291290
005 20231101000403.0
020 |a RU  |b 83-90092 
035 |a (RuTPU)RU\TPU\book\315855 
090 |a 291290 
100 |a 20150413d1983 k y0rusy5003 ca 
101 0 |a rus 
102 |a UA 
105 |a a z 001zy 
200 1 |a Роль химии в охране окружающей среды  |e сборник научных трудов  |f Академия наук Украинской ССР (АН УССР), Институт физической химии им. Л. В. Писаржевского ; под ред. В. М. Власенко 
210 |a Киев  |c Наукова думка  |d 1983 
215 |a 302 с.  |c ил. 
320 |a Библиогр. в конце ст. 
606 1 |a Промышленные отходы  |x Очистка  |2 stltpush  |3 (RuTPU)RU\TPU\subj\52546 
610 1 |a окружающая среда 
610 1 |a охрана 
610 1 |a обезвреживание 
610 1 |a каталитические методы 
610 1 |a газовые выбросы 
610 1 |a сточные воды 
610 1 |a сорбционные методы 
610 1 |a радиационные методы 
610 1 |a безотходные технологии 
610 1 |a сырье 
610 1 |a использование 
675 |a 628.5  |z rus  |v 4 
702 1 |a Власенко  |b В. М.  |g Василий Михайлович  |4 340 
712 0 2 |a Академия наук Украинской ССР (АН УССР)  |b Институт физической химии им. Л. В. Писаржевского  |2 stltpush  |3 (RuTPU)RU\TPU\col\11861 
801 0 |a RU  |b RuMRKP  |c 19950704  |g psbo 
801 1 |a RU  |b 63413507  |c 20150413 
801 2 |a RU  |b 63413507  |c 20170713  |g RCR 
942 |c BK